005870000a2200181000450024500710000065000280007165000280009965000190012765000240014665100650017065300120023565300120024704100140025970000220027370000240029510000250031977300610034410aDiversidad y conservación de los mamíferos marinos de México14aMamíferos acuáticos14aEspecies en extinción14aBiogeografía14aRiqueza de especies 4lBaja California, Golfo de México, Pacífico surpMéxico fCetacea fSirenia0 aEspañol1 aCeballos, Gerardo1 aEsquivel M., Carlos1 aTorres G., Alejandro1 tRevista Mexicana de Mastozoología3635q22-43d1995g1